Couples : (Record no. 127062)

MARC details
000 -LEADER
campo de control de longitud fija 01733cam a2200433 i 4500
001 - NÚMERO DE CONTROL
campo de control 17274295
003 - IDENTIFICADOR DE NÚMERO DE CONTROL
campo de control BJBSDDR
005 - FECHA Y HORA DE LA ÚLTIMA TRANSACCIÓN
campo de control 20260512130148.0
007 - CAMPO FIJO DE DESCRIPCIÓN FÍSICA--INFORMACIÓN GENERAL
campo de control de longitud fija ta
008 - DATOS DE LONGITUD FIJA--INFORMACIÓN GENERAL
campo de control de longitud fija 120426t20121996nyu 000 1 eng
010 ## - NÚMERO DE CONTROL DE LA BIBLIOTECA DEL CONGRESO
Número de control de LC 2012372642
020 ## - NÚMERO INTERNACIONAL ESTÁNDAR DEL LIBRO
Número Internacional Estándar del Libro 9780449911907
Información calificativa pbk.
020 ## - NÚMERO INTERNACIONAL ESTÁNDAR DEL LIBRO
ISBN cancelado o inválido 9780679645726 (ebk.)
035 ## - NÚMERO DE CONTROL DEL SISTEMA
Número de control de sistema 17274295
040 ## - FUENTE DE CATALOGACIÓN
Centro catalogador/agencia de origen DLC
Lengua de catalogación eng
Centro/agencia transcriptor DLC
Normas de descripción rda
Centro/agencia modificador DLC
041 ## - CÓDIGO DE IDIOMA
Código de lengua del texto/banda sonora o título independiente eng
042 ## - CÓDIGO DE AUTENTICACIÓN
Código de autenticación pcc
050 00 - SIGNATURA TOPOGRÁFICA DE LA BIBLIOTECA DEL CONGRESO
Número de clasificación PS3571.P4
Número de ítem C6 2012
082 00 - NÚMERO DE LA CLASIFICACIÓN DECIMAL DEWEY
Número de clasificación 813/.54
Número de edición 23
100 1# - ENTRADA PRINCIPAL--NOMBRE DE PERSONA
Nombre de persona Updike, John Hoyer,
Fechas asociadas al nombre 1932-2009
9 (RLIN) 27119
245 10 - MENCIÓN DEL TÍTULO
Título Couples :
Resto del título a novel /
Mención de responsabilidad, etc. John Updike.
250 ## - MENCION DE EDICION
Mención de edición Random House Trade Paperback Edition.
260 ## - PUBLICACIÓN, DISTRIBUCIÓN, ETC.
Lugar de publicación, distribución, etc. New York :
Nombre del editor, distribuidor, etc. Random House Trade Paperbacks ;
Fecha de publicación, distribución, etc. 2012 .
300 ## - DESCRIPCIÓN FÍSICA
Extensión 557 pages ;
Dimensiones 21 cm.
336 ## - TIPO DE CONTENIDO
Término de tipo de contenido text
Fuente rdacontent
337 ## - TIPO DE MEDIO
Nombre/término del tipo de medio unmediated
Fuente rdamedia
338 ## - TIPO DE SOPORTE
Nombre/término del tipo de soporte volume
Fuente rdacarrier
505 ## - NOTA DE CONTENIDO CON FORMATO
Nota de contenido con formato Couples is the book that has been assailed for its complete frankness and praised as an artful, seductive, savagely graphic portrait of love, marriage, and adultery in America. But be it damned or hailed, Couples drew back the curtain forever on sex in suburbia in the late twentieth century. A classic, it is one of those books that will be read -- and remembered -- for a long time to come. -- Provided by publisher.
650 #0 - PUNTO DE ACCESO ADICIONAL DE MATERIA--TÉRMINO DE MATERIA
Término de materia o nombre geográfico como elemento de entrada Married people
Subdivisión de forma Fiction.
650 #0 - PUNTO DE ACCESO ADICIONAL DE MATERIA--TÉRMINO DE MATERIA
Término de materia o nombre geográfico como elemento de entrada Suburban life
Subdivisión de forma Fiction.
650 #0 - PUNTO DE ACCESO ADICIONAL DE MATERIA--TÉRMINO DE MATERIA
Término de materia o nombre geográfico como elemento de entrada Adultery
Subdivisión de forma Fiction.
655 #7 - TERMINO DE INDIZACIÓN--GENERO/FORMA
Datos o término principal de género/forma Love stories.
Fuente del término gsafd
655 #7 - TERMINO DE INDIZACIÓN--GENERO/FORMA
Datos o término principal de género/forma Fiction.
Fuente del término lcgft
Número de control del registro de autoridad o número normalizado https://id.loc.gov/authorities/genreForms/gf2014026339
906 ## - ELEMENTOS DE DATOS F LOCAL, LDF (RLIN)
a 7
b cbc
c orignew
d 2
e ncip
f 20
g y-gencatlg
942 ## - ELEMENTOS DE ENTRADA SECUNDARIOS (KOHA)
Fuente del sistema de clasificación o colocación Clasificación de Library of Congress
Suprimir en OPAC No
Tipo de ítem Koha Libro
946 ## - PROCESAMIENTO DE INFORMACIÓN LOCAL (OCLC)
Iniciales del agente catalogador sba
Holdings
Estatus retirado Estado de pérdida Fuente del sistema de clasificación o colocación Estado de daño No para préstamo Colección Biblioteca de origen Biblioteca actual Ubicación en estantería Fecha de adquisición Signatura topográfica completa Código de barras Visto por última vez Copia número Tipo de ítem Koha
    Clasificación de Library of Congress     Automatización y Procesos Técnicos Biblioteca Juan Bosch Biblioteca Juan Bosch Automatización y Procesos Técnicos (1er. Piso) 12/05/2026 PS3571.P4 C6 2012 00000191777 12/05/2026 1 Libro